Unberstanding Basic English Grammer

Bibliographic Details
Main Author: Nanndy Milon
Format: Book
Subjects:

MARC

LEADER 00000cam a2200000 7i4500
001 0000010232
005 20030507.0
020 |a 9679788032 
040 |a INS 
090 0 0 |a PE1128   |b N35 
100 1 |a Nanndy Milon 
245 1 0 |a Unberstanding Basic English Grammer 
650 0 0 |a English Language   |x Grammer 
999 |a 0000009415   |b BOOK   |c Open Shelf   |e Default branch